[Event "CAN-ch Amateur U2100"]
[Site "Kitchener CAN"]
[Date "2010.07.30"]
[Round "1"]
[White "Hendon, Lee"]
[Black "Gashgarian, Robert"]
[Result "1-0"]
[WhiteElo "1724"]
[BlackElo "1942"]
[PlyCount "85"]
[EventDate "2010.07.30"]
[EventType "swiss"]
[EventRounds "7"]
[EventCountry "CAN"]

1. c4 c5 2. Nf3 Nf6 3. g3 d5 4. cxd5 Nxd5 5. Bg2 Nc6 6. Nc3 Nc7 7. d3 e5 8. O-O
Ne6 9. Bd2 Be7 10. Rc1 O-O 11. Ne1 Ned4 12. Ne4 Qb6 13. Bc3 Be6 14. e3 Nb5 15.
a4 Nc7 16. Qh5 f6 17. Ra1 Nd5 18. a5 Qd8 19. a6 b6 20. Bd2 Qd7 21. Nc3 Ndb4 22.
Qf3 Rac8 23. e4 Nd4 24. Qd1 Rfd8 25. f4 Nb3 26. Ra3 Nxd2 27. Qxd2 c4 28. Ra1
Bc5+ 29. Kh1 cxd3 30. fxe5 fxe5 31. Nf3 Qd6 32. Nb5 Qe7 33. Ng5 Bc4 34. Nc3 Nc2
35. Bh3 Rc7 36. Ra4 Be3 37. Rxc4 Rxc4 38. Be6+ Qxe6 39. Nxe6 Bxd2 40. Nd5 Ne3
41. Ne7+ Kh8 42. Nxd8 Nxf1 43. Nf7# 1-0

[Event "CAN-ch Amateur U2100"]
[Site "Kitchener CAN"]
[Date "2010.07.30"]
[Round "1"]
[White "Lai, Jonathan"]
[Black "Nicholson, Matthew"]
[Result "0-1"]
[WhiteElo "1768"]
[BlackElo "1982"]
[PlyCount "58"]
[EventDate "2010.07.30"]
[EventType "swiss"]
[EventRounds "7"]
[EventCountry "CAN"]

1. e4 e5 2. Nf3 Nc6 3. Bb5 Nf6 4. O-O Nxe4 5. Re1 Nd6 6. Nxe5 Be7 7. Nxc6 dxc6
8. Ba4 Be6 9. c3 Qd7 10. d4 O-O-O 11. Bb3 Bg4 12. f3 Bf5 13. Nd2 h5 14. Nc4
Nxc4 15. Bxc4 Bd6 16. b4 Rde8 17. Bd2 Rxe1+ 18. Bxe1 Bf4 19. Bd2 Bd6 20. Qa4
Kb8 21. Qb3 Qe7 22. Be1 Qe3+ 23. Bf2 Bxh2+ 24. Kxh2 Qxf2 25. Bxf7 h4 26. Rg1 h3
27. Bh5 Rxh5 28. Qf7 Rh4 29. Qxf5 hxg2+ 0-1

[Event "CAN-ch Amateur U2100"]
[Site "Kitchener CAN"]
[Date "2010.07.30"]
[Round "1"]
[White "Leu, Richard"]
[Black "Brammall, Stuart"]
[Result "1-0"]
[WhiteElo "2005"]
[BlackElo "1838"]
[PlyCount "95"]
[EventDate "2010.07.30"]
[EventType "swiss"]
[EventRounds "7"]
[EventCountry "CAN"]

1. d4 d6 2. c4 e5 3. dxe5 dxe5 4. Qxd8+ Kxd8 5. Nc3 Be6 6. e3 Nc6 7. Bd2 a6 8.
Nf3 h6 9. O-O-O Kc8 10. Bd3 Nf6 11. h3 Be7 12. e4 Nd7 13. Nd5 Bc5 14. Rhf1 Re8
15. Rde1 Rd8 16. Kb1 Nf8 17. Bc3 Ng6 18. Rd1 Rd7 19. b4 Bd6 20. c5 Bf8 21. Bc2
f6 22. Bb3 Bxd5 23. exd5 Nd8 24. Bc2 Ne7 25. d6 cxd6 26. cxd6 Nec6 27. Bf5 Nf7
28. Bxd7+ Kxd7 29. Nh4 Nxd6 30. Ng6 Kc7 31. Nxf8 Rxf8 32. Rfe1 Rd8 33. a4 b5
34. axb5 axb5 35. Kc2 Ra8 36. Ra1 Rxa1 37. Rxa1 Kb7 38. Re1 Kc7 39. g4 g5 40.
h4 Kb7 41. hxg5 hxg5 42. Kd3 Ne7 43. Rh1 Nd5 44. Rh6 Kc6 45. f3 Nf4+ 46. Kc2
Nd5 47. Kb3 Nb7 48. Bxe5 1-0

[Event "CAN-ch Amateur U2100"]
[Site "Kitchener CAN"]
[Date "2010.07.30"]
[Round "1"]
[White "Song, Terry"]
[Black "Knechtel, Tim"]
[Result "0-1"]
[WhiteElo "1943"]
[BlackElo "1761"]
[PlyCount "129"]
[EventDate "2010.07.30"]
[EventType "swiss"]
[EventRounds "7"]
[EventCountry "CAN"]

1. Nf3 d6 2. d4 Nf6 3. Nc3 Nbd7 4. e4 e5 5. Bc4 Be7 6. O-O O-O 7. Re1 c6 8. h3
Rb8 9. a4 b6 10. Be3 a6 11. d5 c5 12. Qe2 Ra8 13. Nd2 h6 14. Nf1 Kh7 15. g4 g5
16. Ng3 Rg8 17. Bd3 Nf8 18. f3 Ng6 19. Kh2 Nf4 20. Bxf4 gxf4 21. Nf5 Ne8 22.
Nb1 Bh4 23. Rh1 Nc7 24. Nxh4 Qxh4 25. Qe1 Qxe1 26. Rxe1 Bd7 27. c4 b5 28. Nc3
b4 29. Ne2 Kh8 30. b3 a5 31. Rh1 Rg6 32. Rag1 Rag8 33. Nc1 Ne8 34. Bf1 Nf6 35.
Rg2 h5 36. Kg1 R8g7 37. Kf2 Kg8 38. Rhg1 hxg4 39. hxg4 Nh7 40. Rh1 Ng5 41. Rgh2
Rh7 42. Rxh7 Nxh7 43. Nd3 Kg7 44. Ne1 Rh6 45. Rxh6 Kxh6 46. Ng2 Kg5 47. Kg1 Nf6
48. Be2 Nh7 49. Kh2 Nf8 50. Kh3 Ng6 51. Ne1 f6 52. Nd3 Ne7 53. Nf2 Nc8 54. Bf1
Nb6 55. Be2 Bxa4 56. bxa4 Nxa4 57. Nd3 Nc3 58. Nxc5 Nxe2 59. Ne6+ Kg6 60. c5 b3
61. cxd6 b2 62. Nf8+ Kh6 63. g5+ Kh5 64. d7 b1=Q 65. d8=Q 0-1

[Event "CAN-ch Amateur U2100"]
[Site "Kitchener CAN"]
[Date "2010.07.30"]
[Round "1"]
[White "Supsup, Ferdinand"]
[Black "Siddeley, Hugh"]
[Result "0-1"]
[WhiteElo "1913"]
[BlackElo "2051"]
[PlyCount "106"]
[EventDate "2010.07.30"]
[EventType "swiss"]
[EventRounds "7"]
[EventCountry "CAN"]

1. d4 Nf6 2. Nf3 c5 3. c4 cxd4 4. Nxd4 e5 5. Nc2 d5 6. e3 Be6 7. cxd5 Qxd5 8.
Qxd5 Nxd5 9. Bd2 Nc6 10. Bb5 Rc8 11. e4 Nf6 12. Nc3 a6 13. Bxc6+ Rxc6 14. Rc1
Be7 15. O-O O-O 16. h3 Bc4 17. Rfe1 Bd3 18. f3 Rd8 19. Be3 b5 20. Na1 Bc4 21.
a3 h6 22. Red1 Rdc8 23. Nb1 a5 24. g4 Be2 25. Rxc6 Rxc6 26. Rc1 Rxc1+ 27. Bxc1
Bxf3 28. Nc3 Bc5+ 29. Kh2 b4 30. Kg3 Bh1 31. Na4 Bg1 32. h4 Nxe4+ 33. Kh3 Nf2+
34. Kg3 Nd3 35. Bd2 Bf2+ 36. Kh3 Bc6 37. b3 Bd4 38. Nc2 Nf2+ 39. Kh2 Bxa4 40.
Nxd4 exd4 41. axb4 Bxb3 42. bxa5 Nxg4+ 43. Kg3 f5 44. Kf4 g6 45. a6 Kf7 46. a7
Bd5 47. h5 Kf6 48. hxg6 Kxg6 49. Bc1 d3 50. Bd2 Kf6 51. Bc3+ Ke6 52. Bd2 Ba8
53. Bc3 h5 0-1

[Event "CAN-ch Amateur U2100"]
[Site "Kitchener CAN"]
[Date "2010.07.30"]
[Round "1"]
[White "Wiebe, Daniel"]
[Black "Piccinin, Mario"]
[Result "1-0"]
[WhiteElo "1967"]
[BlackElo "1768"]
[PlyCount "123"]
[EventDate "2010.07.30"]
[EventType "swiss"]
[EventRounds "7"]
[EventCountry "CAN"]

1. e4 d5 2. exd5 Nf6 3. d4 e6 4. Bb5+ Bd7 5. Bxd7+ Qxd7 6. dxe6 Qxe6+ 7. Qe2
Qxe2+ 8. Nxe2 Nc6 9. c3 O-O-O 10. Nd2 Be7 11. Nf3 h6 12. Bf4 Nd5 13. O-O-O g5
14. Bg3 f6 15. c4 Nb6 16. d5 Nb8 17. b3 N8d7 18. Ned4 Nc5 19. Nb5 Bd6 20. Bxd6
cxd6 21. Nxa7+ Kd7 22. Nb5 Ne4 23. Rhf1 Ra8 24. Nd2 Nc5 25. a3 Rhc8 26. Kc2 f5
27. Rfe1 Na6 28. Nf3 Nc7 29. Nxc7 Rxc7 30. Kb2 Nc8 31. Nd4 Ne7 32. Nb5 Rc5 33.
Re6 Ra5 34. Rxd6+ Ke8 35. b4 Raxb5 36. cxb5 Rxb5 37. Re1 h5 38. Rde6 Rxd5 39.
Rxe7+ Kf8 40. R7e5 Rd2+ 41. Kc3 Rxf2 42. R5e2 Rf4 43. g3 Rf3+ 44. Re3 Rf2 45.
R1e2 Rf1 46. Kc4 f4 47. gxf4 gxf4 48. Re1 Rf2 49. Rh3 Kg7 50. Rxh5 Kg6 51. Rd5
f3 52. Rd3 Kg5 53. Ree3 Rc2+ 54. Kb3 f2 55. Kxc2 f1=Q 56. Rg3+ Kh4 57. Rh3+
Qxh3 58. Rxh3+ Kxh3 59. Kc3 Kxh2 60. Kc4 Kg3 61. Kb5 Kf4 62. Kb6 1-0

[Event "CAN-ch Amateur U2100"]
[Site "Kitchener CAN"]
[Date "2010.07.31"]
[Round "2"]
[White "Both, Aaron"]
[Black "Erickson, John"]
[Result "1-0"]
[WhiteElo "2009"]
[BlackElo "1775"]
[PlyCount "83"]
[EventDate "2010.07.30"]
[EventType "swiss"]
[EventRounds "7"]
[EventCountry "CAN"]

1. e4 c5 2. Nc3 d6 3. f4 Nf6 4. Nf3 Nc6 5. Bb5 a6 6. Bxc6+ bxc6 7. O-O g6 8.
Qe1 Bg4 9. e5 Nd5 10. Ne4 Bxf3 11. Rxf3 dxe5 12. fxe5 Bg7 13. Nxc5 Nb4 14. Qe4
Rb8 15. a3 Nd5 16. c4 Qb6 17. d4 Nc7 18. Rb3 Nb5 19. cxb5 axb5 20. Be3 Rd8 21.
e6 O-O 22. Nd7 Rxd7 23. exd7 Rd8 24. d5 c5 25. Qxe7 Bf8 26. Qe8 Qb8 27. Qe4
Rxd7 28. Bf4 Qb7 29. Rd1 Re7 30. Qf3 c4 31. Rc3 Rd7 32. Be5 Bc5+ 33. Kh1 Bd6
34. Re3 Bxe5 35. Rxe5 Qc7 36. Re8+ Kg7 37. Qc3+ f6 38. Re6 Rf7 39. d6 Qd7 40.
Qe3 Kf8 41. Re7 Qd8 42. Qe6 1-0

[Event "CAN-ch Amateur U2100"]
[Site "Kitchener CAN"]
[Date "2010.07.31"]
[Round "2"]
[White "Brammall, Stuart"]
[Black "Song, Terry"]
[Result "1/2-1/2"]
[WhiteElo "1838"]
[BlackElo "1943"]
[PlyCount "91"]
[EventDate "2010.07.30"]
[EventType "swiss"]
[EventRounds "7"]
[EventCountry "CAN"]

1. e4 e5 2. Nf3 Nc6 3. Bc4 Nf6 4. d3 Bc5 5. c3 b6 6. Nbd2 O-O 7. Bb3 d5 8. Qe2
Be6 9. h3 dxe4 10. dxe4 Bxb3 11. Nxb3 Qd7 12. Bg5 Ne8 13. Rd1 Qe6 14. O-O f6
15. Bc1 a5 16. Be3 Bxe3 17. Qxe3 Nd6 18. Rfe1 a4 19. Nc1 Ra6 20. b4 axb3 21.
axb3 b5 22. Nd3 Ra3 23. Nc5 Qf7 24. Ra1 Rfa8 25. Rxa3 Rxa3 26. Qc1 Ra8 27. Qd2
Nd8 28. Qb2 Ne6 29. Nxe6 Qxe6 30. Nd2 Qc8 31. Ra1 Qb7 32. f3 Ra6 33. Kh2 Qa7
34. Rxa6 Qxa6 35. Nf1 b4 36. Kg1 Qa7+ 37. Kh2 Qa3 38. Qc2 Qa1 39. cxb4 Qxf1 40.
Qxc7 Qa6 41. b5 Nxb5 42. Qd8+ Kf7 43. Qd7+ Kg6 44. Qg4+ Kh6 45. Qh4+ Kg6 46.
Qg4+ 1/2-1/2

[Event "CAN-ch Amateur U2100"]
[Site "Kitchener CAN"]
[Date "2010.07.31"]
[Round "2"]
[White "Bzikot, Robert"]
[Black "Cunningham, Ross"]
[Result "1-0"]
[WhiteElo "2004"]
[BlackElo "1855"]
[PlyCount "79"]
[EventDate "2010.07.30"]
[EventType "swiss"]
[EventRounds "7"]
[EventCountry "CAN"]

1. e4 c5 2. Nc3 Nc6 3. g3 a6 4. a4 e6 5. Bg2 Nf6 6. Nge2 d5 7. exd5 Nxd5 8.
Nxd5 exd5 9. d4 Be6 10. O-O c4 11. Nf4 Bd6 12. Nxe6 fxe6 13. Re1 Qf6 14. Bxd5
Nd8 15. Qe2 O-O 16. Bxe6+ Kh8 17. Bxc4 Qxd4 18. c3 Qf6 19. Be3 Nc6 20. Rad1
Rae8 21. Qh5 Re5 22. Qg4 Re7 23. Bd4 Be5 24. Bc5 Bd6 25. Rxe7 Bxe7 26. Bd4 Nxd4
27. Qxd4 Rd8 28. Bd5 Qf5 29. c4 Bf6 30. Qd2 h6 31. b3 Qg4 32. f3 Qf5 33. Qd3
Qc8 34. Re1 Qc5+ 35. Kg2 Qb4 36. Re2 Qc5 37. Qg6 Qc8 38. Be4 Kg8 39. Qh7+ Kf8
40. Bg6 1-0

[Event "CAN-ch Amateur U2100"]
[Site "Kitchener CAN"]
[Date "2010.07.31"]
[Round "2"]
[White "Cormier, Adam"]
[Black "Sakka, Louay"]
[Result "1-0"]
[WhiteElo "1879"]
[BlackElo "1578"]
[PlyCount "93"]
[EventDate "2010.07.30"]
[EventType "swiss"]
[EventRounds "7"]
[EventCountry "CAN"]

1. d4 d5 2. c4 c6 3. e3 Nf6 4. Nf3 Bg4 5. h3 Bf5 6. Nc3 e6 7. a3 Na6 8. cxd5
cxd5 9. Bxa6 bxa6 10. Qa4+ Nd7 11. Ne5 Bd6 12. Nxd7 Qxd7 13. Bd2 Qxa4 14. Nxa4
Be4 15. f3 Bg3+ 16. Ke2 Bc2 17. Nc5 Rb8 18. Rhc1 Bg6 19. Nxa6 Ra8 20. Nc7+ Bxc7
21. Rxc7 O-O 22. Rac1 h6 23. Rb7 Rfb8 24. Rcc7 a6 25. Bb4 Rxb7 26. Rxb7 Rc8 27.
Bc5 e5 28. Rd7 exd4 29. exd4 Re8+ 30. Kd2 f6 31. Rd6 Bf7 32. Rxa6 f5 33. b4 f4
34. b5 Re3 35. b6 Rb3 36. Bb4 Bg6 37. b7 Rd3+ 38. Kc1 Kh7 39. b8=Q Rxd4 40.
Rxg6 Kxg6 41. Qe5 Rc4+ 42. Kd2 h5 43. Qxd5 Rxb4 44. axb4 h4 45. Qe6+ Kh5 46.
Qf5+ g5 47. Qh7# 1-0

[Event "CAN-ch Amateur U2100"]
[Site "Kitchener CAN"]
[Date "2010.07.31"]
[Round "2"]
[White "Fu, James"]
[Black "Hendon, Lee"]
[Result "1-0"]
[WhiteElo "2023"]
[BlackElo "1724"]
[PlyCount "49"]
[EventDate "2010.07.30"]
[EventType "swiss"]
[EventRounds "7"]
[EventCountry "CAN"]

1. e4 d5 2. exd5 Qxd5 3. Nc3 Qd6 4. d4 Nf6 5. Bd3 a6 6. Nge2 b5 7. Ne4 Qb6 8.
O-O Bb7 9. Nc5 Bc6 10. a4 e6 11. a5 Qa7 12. b4 Nbd7 13. c4 Nxc5 14. dxc5 Qb7
15. cxb5 axb5 16. Nd4 Be7 17. Nxc6 Qxc6 18. Qe2 Rb8 19. a6 O-O 20. Bg5 Nd5 21.
Bxe7 Nxe7 22. Ra5 Nd5 23. Qd2 Rfd8 24. Rd1 e5 25. Be4 1-0

[Event "CAN-ch Amateur U2100"]
[Site "Kitchener CAN"]
[Date "2010.07.31"]
[Round "2"]
[White "Gashgarian, Robert"]
[Black "Lai, Jonathan"]
[Result "1-0"]
[WhiteElo "1942"]
[BlackElo "1768"]
[PlyCount "53"]
[EventDate "2010.07.30"]
[EventType "swiss"]
[EventRounds "7"]
[EventCountry "CAN"]

1. d4 Nf6 2. c4 e6 3. Nc3 c5 4. d5 exd5 5. cxd5 d6 6. e4 g6 7. f4 Bg7 8. Bb5+
Bd7 9. Bd3 O-O 10. Nf3 Re8 11. O-O a6 12. a4 Qb6 13. a5 Qa7 14. Kh1 b5 15. axb6
Qxb6 16. Nd2 Bc8 17. Nc4 Qd8 18. Qf3 Bg4 19. Qf2 h5 20. e5 dxe5 21. fxe5 Nh7
22. Qxf7+ Kh8 23. Qxg6 Bf5 24. Rxf5 Qh4 25. Qxe8+ Bf8 26. Rxf8+ Nxf8 27. Qxf8#
1-0

[Event "CAN-ch Amateur U2100"]
[Site "Kitchener CAN"]
[Date "2010.07.31"]
[Round "2"]
[White "Gillanders, Robert"]
[Black "Moran, Richard"]
[Result "1/2-1/2"]
[WhiteElo "1824"]
[BlackElo "1893"]
[PlyCount "133"]
[EventDate "2010.07.30"]
[EventType "swiss"]
[EventRounds "7"]
[EventCountry "CAN"]

1. e4 d6 2. d4 Nf6 3. Nc3 c6 4. f4 Qa5 5. Bd3 e5 6. Nf3 Bg4 7. Be3 Nbd7 8. O-O
Be7 9. h3 Bh5 10. Qd2 Bxf3 11. Rxf3 exf4 12. Rxf4 O-O 13. Nd5 Qd8 14. Nxe7+
Qxe7 15. c3 Rae8 16. Re1 Qd8 17. Bf2 Qa5 18. b4 Qc7 19. g4 b5 20. Bh4 Re6 21.
Qg2 Rfe8 22. Ref1 Rf8 23. Bg3 a5 24. a3 Qa7 25. Bf2 Qc7 26. Qf3 axb4 27. axb4
h6 28. Ra1 Nb6 29. Bh4 Nh7 30. Bg3 Ng5 31. Qg2 f6 32. h4 Nf7 33. Qf2 Qb7 34.
Ra5 d5 35. Qa2 Re7 36. Qg2 Rfe8 37. Ra1 Na4 38. exd5 cxd5 39. Qc2 Ra8 40. Bh7+
Kh8 41. Bg6 Re3 42. Be1 Rc8 43. Bxf7 Qxf7 44. Qf5 Rce8 45. Bf2 Rxc3 46. g5 Re6
47. gxh6 g6 48. Qg4 Rec6 49. Rf1 Kh7 50. Qe2 R3c4 51. Be3 Nc3 52. Qg2 Re6 53.
R4f3 Ne4 54. Ra1 Rxb4 55. Bf4 Ra4 56. Rb1 b4 57. Be5 Qe7 58. Bf4 Nc3 59. Rbf1
Ne2+ 60. Kh1 Nxf4 61. Rxf4 f5 62. Qxd5 Raa6 63. Qb5 Rab6 64. Qc5 Qxc5 65. dxc5
Rb5 66. Rc4 Rc6 67. Ra1 1/2-1/2

[Event "CAN-ch Amateur U2100"]
[Site "Kitchener CAN"]
[Date "2010.07.31"]
[Round "2"]
[White "Gladstone, Simon"]
[Black "Zhou, Kevin"]
[Result "1/2-1/2"]
[WhiteElo "1968"]
[BlackElo "1862"]
[PlyCount "62"]
[EventDate "2010.07.30"]
[EventType "swiss"]
[EventRounds "7"]
[EventCountry "CAN"]

1. e4 e5 2. Nf3 Nc6 3. Bc4 Bc5 4. d4 Bxd4 5. Nxd4 Nxd4 6. O-O Nf6 7. f4 d6 8.
fxe5 dxe5 9. Bg5 Be6 10. Na3 Qe7 11. Bxe6 fxe6 12. c3 Nc6 13. Qe2 O-O 14. Nc4
Qe8 15. Rad1 Rd8 16. Rxd8 Qxd8 17. b4 a6 18. a4 Qe8 19. Qd3 Qg6 20. Bxf6 gxf6
21. Rf3 Qe8 22. Qf1 Qd8 23. Ne3 Kg7 24. Rg3+ Kh8 25. Rf3 Nb8 26. Ng4 Nd7 27.
Nh6 Qe8 28. Rh3 c5 29. Qf2 Qe7 30. Qh4 cxb4 31. cxb4 Rc8 1/2-1/2

[Event "CAN-ch Amateur U2100"]
[Site "Kitchener CAN"]
[Date "2010.07.31"]
[Round "2"]
[White "Jackson, Nicholas"]
[Black "Wiebe, Daniel"]
[Result "1-0"]
[WhiteElo "1624"]
[BlackElo "1967"]
[PlyCount "105"]
[EventDate "2010.07.30"]
[EventType "swiss"]
[EventRounds "7"]
[EventCountry "CAN"]

1. e4 c5 2. f4 d6 3. Nf3 Nc6 4. Bb5 Qc7 5. Nc3 e6 6. O-O Bd7 7. d3 Nge7 8. Qe1
a6 9. Bxc6 Nxc6 10. f5 Be7 11. Qg3 Rg8 12. Ng5 h6 13. fxe6 fxe6 14. Nf7 g5 15.
Nxh6 Rg7 16. Qh3 O-O-O 17. Rf7 Rg6 18. Qh5 Rf6 19. Rxf6 Bxf6 20. Bxg5 Bd4+ 21.
Kh1 Rh8 22. Qe2 Be8 23. Rf1 Qg7 24. Qd2 Ne5 25. Nd1 Qh7 26. c3 Nf7 27. cxd4
Nxh6 28. Bxh6 Qxh6 29. Qxh6 Rxh6 30. Rf8 Kd7 31. dxc5 dxc5 32. g4 Ke7 33. Rf2
Rg6 34. h3 Bb5 35. Rf3 c4 36. d4 Bc6 37. Nf2 b5 38. h4 b4 39. Kh2 a5 40. g5 a4
41. Re3 e5 42. d5 Bb5 43. Nd1 Rg7 44. Rf3 Rf7 45. Rxf7+ Kxf7 46. Ne3 b3 47.
axb3 c3 48. bxc3 a3 49. c4 a2 50. Nc2 Bd7 51. Kg3 Kg6 52. b4 Ba4 53. Na1 1-0

[Event "CAN-ch Amateur U2100"]
[Site "Kitchener CAN"]
[Date "2010.07.31"]
[Round "2"]
[White "Knechtel, Tim"]
[Black "Leu, Richard"]
[Result "0-1"]
[WhiteElo "1761"]
[BlackElo "2005"]
[PlyCount "68"]
[EventDate "2010.07.30"]
[EventType "swiss"]
[EventRounds "7"]
[EventCountry "CAN"]

1. d3 d5 2. Nf3 c5 3. Nbd2 Nc6 4. e4 g6 5. c3 Bg7 6. Be2 e5 7. O-O Nge7 8. Re1
O-O 9. h3 b6 10. Qc2 h6 11. Nf1 Be6 12. Bd2 Qd7 13. Qc1 Kh7 14. N3h2 f5 15.
exf5 gxf5 16. f4 e4 17. dxe4 fxe4 18. g4 d4 19. f5 Bd5 20. Bf4 Nxf5 21. c4 Bg8
22. gxf5 Qxf5 23. Bg3 Qxh3 24. Bg4 Rxf1+ 25. Rxf1 Qxg3+ 26. Kh1 Kh8 27. Rg1 Qh4
28. Rg3 Qxg3 29. Qc2 Be5 30. Rg1 Qxh2+ 31. Qxh2 Bxh2 32. Kxh2 Ne5 33. b3 Nxg4+
34. Rxg4 Re8 0-1

[Event "CAN-ch Amateur U2100"]
[Site "Kitchener CAN"]
[Date "2010.07.31"]
[Round "2"]
[White "Nicholson, Matthew"]
[Black "Becker, Paul"]
[Result "0-1"]
[WhiteElo "1982"]
[BlackElo "2035"]
[PlyCount "122"]
[EventDate "2010.07.30"]
[EventType "swiss"]
[EventRounds "7"]
[EventCountry "CAN"]

1. e4 c5 2. Nf3 e6 3. d4 cxd4 4. Nxd4 a6 5. Nc3 Qc7 6. Be3 Nf6 7. Bd3 d6 8. O-O
Nbd7 9. f4 b5 10. Qf3 Bb7 11. g4 h5 12. g5 Ng4 13. g6 Nc5 14. gxf7+ Qxf7 15. h3
Nf6 16. f5 e5 17. Nb3 Nxd3 18. cxd3 Be7 19. Na5 Bc8 20. d4 Bd8 21. Nc6 Bb7 22.
Nxe5 dxe5 23. dxe5 b4 24. Nd5 Nxd5 25. e6 Qf6 26. exd5 Qe5 27. Rad1 Bc7 28. Bf4
Bb6+ 29. Kh2 Qxf5 30. Qb3 Qe4 31. Qa4+ Kf8 32. Qxb4+ Qxb4 33. Bd6+ Kg8 34. Bxb4
Rh6 35. Rf7 Bxd5 36. Rxd5 Rxe6 37. Rdd7 Bd4 38. Bc3 Bxc3 39. bxc3 Rg6 40. Rc7
Re8 41. Rf2 Re3 42. c4 Rgg3 43. Rg2 Rxh3+ 44. Kg1 Rhg3 45. Rxg3 Rxg3+ 46. Kf2
Ra3 47. c5 Rxa2+ 48. Kg3 Ra4 49. c6 Rc4 50. Kf3 Kh7 51. Ke3 Kh6 52. Kd3 Rc5 53.
Kd4 Rc1 54. Rc8 Kg5 55. c7 g6 56. Ke5 h4 57. Ke4 h3 58. Ra8 Rxc7 59. Rxa6 Rf7
60. Ra3 Kg4 61. Ra6 g5 0-1

[Event "CAN-ch Amateur U2100"]
[Site "Kitchener CAN"]
[Date "2010.07.31"]
[Round "2"]
[White "Piccinin, Mario"]
[Black "Supsup, Ferdinand"]
[Result "1-0"]
[WhiteElo "1768"]
[BlackElo "1913"]
[PlyCount "61"]
[EventDate "2010.07.30"]
[EventType "swiss"]
[EventRounds "7"]
[EventCountry "CAN"]

1. f4 g6 2. Nf3 Bg7 3. e3 Nf6 4. d4 b6 5. Bd3 Ba6 6. b3 Bxd3 7. cxd3 O-O 8. Bb2
Ng4 9. Qe2 Nc6 10. Nc3 e6 11. O-O Re8 12. Ne5 Bxe5 13. dxe5 f5 14. exf6 Nxf6
15. Ne4 Nxe4 16. dxe4 h6 17. Rf3 Kh7 18. f5 Rg8 19. fxg6+ Rxg6 20. Rf7+ Kg8 21.
Raf1 Qe8 22. Qf3 Rc8 23. h4 e5 24. h5 Rg7 25. Rxg7+ Kxg7 26. Qg4+ Kh7 27. Rf6
Ne7 28. Bxe5 d6 29. Rxd6 Qg8 30. Rg6 Nxg6 31. Qd7+ 1-0

[Event "CAN-ch Amateur U2100"]
[Site "Kitchener CAN"]
[Date "2010.07.31"]
[Round "2"]
[White "Raats, Daniel"]
[Black "Liu, Steven"]
[Result "1-0"]
[WhiteElo "2028"]
[BlackElo "1908"]
[PlyCount "85"]
[EventDate "2010.07.30"]
[EventType "swiss"]
[EventRounds "7"]
[EventCountry "CAN"]

1. d4 Nf6 2. c4 e6 3. Nc3 Bb4 4. e3 c5 5. Nge2 Nc6 6. a3 Bxc3+ 7. Nxc3 cxd4 8.
exd4 d5 9. cxd5 Nxd5 10. Bc4 Nb6 11. Bb5 O-O 12. Be3 Nd5 13. O-O Nce7 14. Rc1
Bd7 15. Bd3 Bc6 16. Bg5 Nxc3 17. bxc3 Bxg2 18. Bxe7 Qd5 19. f3 Bxf1 20. Be4 Qc4
21. Qxf1 Qxf1+ 22. Kxf1 Rfe8 23. Bd6 Rad8 24. Bg3 Re7 25. Rb1 b6 26. a4 Rc8 27.
Rb3 f5 28. Bd3 Kf7 29. Be5 g5 30. a5 bxa5 31. c4 Rd7 32. Ra3 Rcd8 33. Rxa5 Rxd4
34. Bxd4 Rxd4 35. Rxa7+ Kg6 36. Be2 h5 37. c5 g4 38. fxg4 Rf4+ 39. Ke1 Re4 40.
gxh5+ Kg5 41. c6 Re5 42. c7 Rc5 43. Ba6 1-0

[Event "CAN-ch Amateur U2100"]
[Site "Kitchener CAN"]
[Date "2010.07.31"]
[Round "2"]
[White "Siddeley, Hugh"]
[Black "McGlynn, Danny"]
[Result "1-0"]
[WhiteElo "2051"]
[BlackElo "1886"]
[PlyCount "59"]
[EventDate "2010.07.30"]
[EventType "swiss"]
[EventRounds "7"]
[EventCountry "CAN"]

1. e4 c6 2. d4 d5 3. e5 Bf5 4. Nc3 Qb6 5. Nf3 e6 6. Be2 Bb4 7. Bd2 Nd7 8. O-O
Bxc3 9. bxc3 c5 10. a4 Qc7 11. Ne1 Ne7 12. g4 Bg6 13. f4 c4 14. Ng2 h5 15. f5
exf5 16. gxh5 Bh7 17. Bg5 Nf8 18. Bf3 O-O-O 19. Nf4 Ne6 20. Bxe7 Nxf4 21. Bxd8
Qxd8 22. Qd2 Ne6 23. Kh1 f4 24. Qg2 Bf5 25. Bxd5 Rxh5 26. Bxb7+ Kd7 27. d5 Nc7
28. Rxf4 Bh3 29. Qf2 Qb8 30. Rxf7+ 1-0

[Event "CAN-ch Amateur U2100"]
[Site "Kitchener CAN"]
[Date "2010.07.31"]
[Round "3"]
[White "Becker, Paul"]
[Black "Jackson, Nicholas"]
[Result "1-0"]
[WhiteElo "2035"]
[BlackElo "1624"]
[PlyCount "96"]
[EventDate "2010.07.30"]
[EventType "swiss"]
[EventRounds "7"]
[EventCountry "CAN"]

1. e4 c5 2. Nf3 Nc6 3. d4 cxd4 4. Nxd4 Nf6 5. Nc3 e5 6. Ndb5 d6 7. Bg5 a6 8.
Na3 Be7 9. Bxf6 Bxf6 10. Nd5 b5 11. c3 Ne7 12. Nc2 Bb7 13. Ncb4 Nxd5 14. Nxd5
O-O 15. a4 Bc6 16. a5 Bxd5 17. Qxd5 Qc7 18. c4 Be7 19. cxb5 axb5 20. a6 Qc5 21.
Qxc5 dxc5 22. Bxb5 Rfc8 23. Bc4 Rc6 24. Ke2 Rb6 25. b3 Ra7 26. Rhd1 Kf8 27. Rd2
Rd6 28. Rxd6 Bxd6 29. Bd5 Ke7 30. Bb7 Kd7 31. Kd3 Kc7 32. Kc4 Kd7 33. Kd5 Kc7
34. Rc1 g6 35. g4 Bf8 36. Rc3 Rxb7 37. axb7 Kxb7 38. Rf3 f5 39. gxf5 gxf5 40.
Rxf5 Bh6 41. Rf7+ Kb6 42. Rf6+ Kb5 43. Rxh6 Kb4 44. Rxh7 Kxb3 45. Rc7 c4 46.
Rxc4 Ka3 47. Kc5 Kb3 48. Kb5 Ka3 1-0

[Event "CAN-ch Amateur U2100"]
[Site "Kitchener CAN"]
[Date "2010.07.31"]
[Round "3"]
[White "Both, Aaron"]
[Black "Siddeley, Hugh"]
[Result "0-1"]
[WhiteElo "2009"]
[BlackElo "2051"]
[PlyCount "46"]
[EventDate "2010.07.30"]
[EventType "swiss"]
[EventRounds "7"]
[EventCountry "CAN"]

1. e4 e6 2. d4 d5 3. e5 c5 4. c3 Nc6 5. Nf3 Bd7 6. Be2 Nh6 7. O-O cxd4 8. Bxh6
gxh6 9. cxd4 Bg7 10. Nc3 O-O 11. Qd2 f6 12. exf6 Qxf6 13. Rad1 Be8 14. Qe3 Bg6
15. a3 a6 16. Na4 Bc2 17. Nc5 Bxd1 18. Rxd1 Rf7 19. Bd3 e5 20. dxe5 Nxe5 21.
Nd4 Ng4 22. Qe6 Qxf2+ 23. Kh1 Qxd4 0-1

[Event "CAN-ch Amateur U2100"]
[Site "Kitchener CAN"]
[Date "2010.07.31"]
[Round "3"]
[White "Brammall, Stuart"]
[Black "Knechtel, Tim"]
[Result "1-0"]
[WhiteElo "1838"]
[BlackElo "1761"]
[PlyCount "55"]
[EventDate "2010.07.30"]
[EventType "swiss"]
[EventRounds "7"]
[EventCountry "CAN"]

1. e4 d6 2. Nf3 Nf6 3. Nc3 e5 4. d4 Nbd7 5. Bc4 Be7 6. O-O O-O 7. Re1 c6 8. a4
b6 9. b3 a6 10. Bb2 Qc7 11. Qd2 Rb8 12. Rad1 b5 13. axb5 axb5 14. Bf1 Re8 15.
h3 Bf8 16. dxe5 dxe5 17. Qe3 Bc5 18. Qg5 Qb6 19. Rd2 Bd4 20. Nxd4 exd4 21. Nxb5
Re5 22. Qg3 Nxe4 23. Rxe4 Rxe4 24. Rxd4 Re1 25. Rxd7 g6 26. Qxb8 Rxf1+ 27. Kxf1
Qxb5+ 28. Qxb5 1-0

[Event "CAN-ch Amateur U2100"]
[Site "Kitchener CAN"]
[Date "2010.07.31"]
[Round "3"]
[White "Erickson, John"]
[Black "Gladstone, Simon"]
[Result "1/2-1/2"]
[WhiteElo "1775"]
[BlackElo "1968"]
[PlyCount "57"]
[EventDate "2010.07.30"]
[EventType "swiss"]
[EventRounds "7"]
[EventCountry "CAN"]

1. c4 e6 2. g3 Nf6 3. Bg2 d5 4. cxd5 exd5 5. d4 Bd6 6. Nc3 c6 7. Nf3 Bf5 8. O-O
Nbd7 9. Re1 O-O 10. Nh4 Bg4 11. h3 Bh5 12. Bg5 h6 13. Bd2 Re8 14. Qc1 Kh7 15.
Nf5 Bf8 16. e4 dxe4 17. Nxe4 Bg6 18. Nfd6 Bxd6 19. Nxd6 Rxe1+ 20. Qxe1 Qb6 21.
Bc3 Qc7 22. Ne4 Re8 23. Nxf6+ Nxf6 24. Qd2 Ne4 25. Qe2 Re6 26. Qc4 Nd6 27. Qf1
Be4 28. Re1 Qe7 29. Bxe4+ 1/2-1/2

[Event "CAN-ch Amateur U2100"]
[Site "Kitchener CAN"]
[Date "2010.07.31"]
[Round "3"]
[White "Leu, Richard"]
[Black "Fu, James"]
[Result "1-0"]
[WhiteElo "2005"]
[BlackElo "2023"]
[PlyCount "49"]
[EventDate "2010.07.30"]
[EventType "swiss"]
[EventRounds "7"]
[EventCountry "CAN"]

1. d4 Nc6 2. c4 e5 3. d5 Nce7 4. e4 Ng6 5. Nc3 Nf6 6. Be3 Bb4 7. Bd3 O-O 8. Qc2
d6 9. f3 Nh5 10. g3 Ne7 11. O-O-O f5 12. Nge2 f4 13. gxf4 exf4 14. Bd4 Ng6 15.
e5 dxe5 16. Bxg6 exd4 17. Bxh7+ Kh8 18. Nxd4 Qh4 19. Bg6 a6 20. Ne6 Bxe6 21.
dxe6 b5 22. Nd5 Bd6 23. e7 Rfb8 24. c5 Be5 25. Qf5 1-0